| 000 | 00598 a2200181 4500 | ||
|---|---|---|---|
| 003 | NUST | ||
| 038 | _aa | ||
| 082 | _aBEE-5 | ||
| 100 |
_aAmmara Nasim _993418 |
||
| 245 |
_a3D echocardiography fusion to improve image quality, leading to improved disease diagnosis _cAmmara Nasim |
||
| 260 |
_aIslamabad _bNUST-SEECS _c2012 |
||
| 300 |
_a87p. _b;ill. _c;27cm.+ _eCD ROM |
||
| 500 | _aSupervisors: Dr. Muhammad Shahzad Younis, Dr. Khasif Rajpoot | ||
| 563 | _aa | ||
| 700 |
_aAisha Gul Hafeez _993419 |
||
| 856 | _uhttp://10.250.8.41:8080/xmlui/handle/123456789/21895 | ||
| 942 |
_cTHE _kBEE-5 AMM _2ddc |
||
| 999 |
_c11306 _d11306 |
||